[Event "Caxambu op"]
[Site "Caxambu"]
[Date "2020.03.06"]
[Round "1"]
[White "Brasileiro, Antonio Carlos"]
[Black "Mendes Domingues, Ribeiro Matheus"]
[Result "0-1"]
[WhiteElo "1681"]
[BlackElo "2157"]
[PlyCount "98"]
[EventDate "2020.03.06"]
[EventType "swiss"]
[EventRounds "6"]
[EventCountry "BRA"]
[SourceTitle "CBM 195 Extra"]
[Source "ChessBase"]
[SourceDate "2020.05.31"]
[SourceVersion "1"]
[SourceVersionDate "2020.05.31"]
[SourceQuality "1"]

1. d4 d5 2. c4 e6 3. Nf3 Nf6 4. Bf4 Bd6 5. Bxd6 Qxd6 6. e3 dxc4 7. Qa4+ Bd7 8. Qxc4 0-0 9. Bd3 a6 10. Qb3 Nc6 11. 0-0 e5 12. dxe5 Nxe5 13. Nxe5 Qxe5 14. Na3 Bc6 15. Nc4 Qg5 16. e4 Nxe4 17. Bxe4 Bxe4 18. f3 Bd5 19. Qc3 Rfe8 20. Rf2 Re6 21. Rd1 Rae8 22. b3 Bxc4 23. bxc4 Qc5 24. Kf1 b5 25. Rc2 Re3 26. Qd4 Qe7 27. Rcc1 c5 28. Qd6 b4 29. Qxe7 R3xe7 30. Rd6 Re6 31. Rcd1 g6 32. R1d5 Re1+ 33. Kf2 R1e2+ 34. Kg3 Rxa2 35. Rxc5 Rb8 36. Rc7 a5 37. Rdd7 Rf8 38. Rb7 Rc2 39. Rdc7 Kg7 40. Rb5 Ra8 41. Rbb7 Kf6 42. Rxf7+ Ke5 43. Rb5+ Kd4 44. Rf4+ Kd3 45. c5 Rc4 46. Rf7 a4 47. Rfb7 a3 48. Rxb4 Rxb4 49. Rxb4 a2 0-1

[Event "Varginha Mineiro-ch"]
[Site "Varginha"]
[Date "2019.11.16"]
[Round "4"]
[White "Carvalho, Vivian dos Santos"]
[Black "Brasileiro, Antonio Carlos"]
[Result "1/2-1/2"]
[WhiteElo "1542"]
[BlackElo "1724"]
[PlyCount "80"]
[EventDate "2019.11.14"]
[EventType "swiss"]
[EventRounds "7"]
[EventCountry "BRA"]
[SourceTitle "CBM 193 Extra"]
[Source "ChessBase"]
[SourceDate "2020.01.31"]
[SourceVersion "1"]
[SourceVersionDate "2020.01.31"]
[SourceQuality "1"]

1. c4 e5 2. Nc3 Nf6 3. Nf3 Nc6 4. g3 d5 5. cxd5 Nxd5 6. d3 Bb4 7. Bd2 0-0 8. Bg2 Nde7 9. 0-0 Rb8 10. a3 Bd6 11. Ne4 Bf5 12. Nxd6 Qxd6 13. b4 a6 14. Be3 Rfd8 15. Bc5 Qf6 16. Qb3 Nd4 17. Nxd4 exd4 18. Ba7 Ra8 19. Bc5 Nc6 20. b5 axb5 21. Qxb5 Ra5 22. Qc4 Be6 23. Qc2 Bd5 24. e4 Be6 25. Bb4 Rb5 26. Rab1 Nxb4 27. Rxb4 Rxb4 28. axb4 Qe7 29. Qa4 g6 30. Ra1 Bc8 31. Qb3 c5 32. bxc5 Qxc5 33. Qd1 Be6 34. Rc1 Qa7 35. Ra1 Qb8 36. Qa4 b5 37. Qb4 Qb6 38. Rb1 Rb8 39. Bf3 Bd7 40. Bd1 Kg7 1/2-1/2

[Event "Varginha Mineiro-ch"]
[Site "Varginha"]
[Date "2019.11.15"]
[Round "2"]
[White "De Sousa E Silva, Luis Gonzaga"]
[Black "Brasileiro, Antonio Carlos"]
[Result "0-1"]
[WhiteElo "1301"]
[BlackElo "1724"]
[PlyCount "88"]
[EventDate "2019.11.14"]
[EventType "swiss"]
[EventRounds "7"]
[EventCountry "BRA"]
[SourceTitle "CBM 193 Extra"]
[Source "ChessBase"]
[SourceDate "2020.01.31"]
[SourceVersion "1"]
[SourceVersionDate "2020.01.31"]
[SourceQuality "1"]

1. g3 d5 2. Bg2 Nf6 3. Nf3 Nc6 4. d3 e5 5. 0-0 h6 6. Nbd2 Be7 7. c3 0-0 8. e4 dxe4 9. Nxe4 Nxe4 10. dxe4 Qxd1 11. Rxd1 Be6 12. Be3 Rfd8 13. b3 a6 14. c4 f6 15. Bd2 Rd7 16. Ne1 Rad8 17. Nf3 Bb4 18. Bf1 Bxd2 19. Kg2 Bc3 20. Rxd7 Rxd7 21. Rc1 Bb2 22. Rc2 Ba3 23. h3 Nb4 24. Re2 Rd1 25. g4 Kf7 26. Ne1 Ra1 27. Nc2 Rxa2 28. Nxb4 Rxe2 29. Bxe2 Bxb4 30. Kg3 Bd2 31. Bd1 Ke7 32. Kf3 Kd6 33. Ke2 Bb4 34. Kd3 Kc5 35. f3 g5 36. Be2 a5 37. Bd1 b6 38. Ke3 a4 39. bxa4 Bxc4 40. Kf2 Bc3 41. Kg3 Be1+ 42. Kg2 Kd4 43. Bc2 Kc3 44. Bd1 Kd2 0-1

[Event "Florianopolis op 5th"]
[Site "Florianopolis"]
[Date "2019.01.26"]
[Round "9"]
[White "De Oliveira, Gualter Amelio"]
[Black "Brasileiro, Antonio Carlos"]
[Result "1/2-1/2"]
[WhiteElo "1455"]
[BlackElo "1766"]
[PlyCount "89"]
[EventDate "2019.01.21"]
[EventType "swiss"]
[EventRounds "10"]
[EventCountry "BRA"]
[SourceTitle "EXT 2020"]
[Source "ChessBase"]
[SourceDate "2019.10.17"]
[SourceVersion "1"]
[SourceVersionDate "2019.10.17"]
[SourceQuality "1"]

1. e4 e5 2. Nf3 Nf6 3. Bc4 Nxe4 4. Qe2 d5 5. Nxe5 Be7 6. Bb3 0-0 7. 0-0 Be6 8. d4 Nd7 9. f3 Nd6 10. c3 c6 11. Re1 Nxe5 12. dxe5 Nc4 13. Nd2 Bc5+ 14. Kh1 Nxd2 15. Bxd2 Qb6 16. Bg5 Rae8 17. Qd2 Be7 18. Be3 Bc5 19. Bc2 Bxe3 20. Rxe3 Rd8 21. Rd1 c5 22. f4 d4 23. Rg3 dxc3 24. Qxc3 Rxd1+ 25. Bxd1 Rd8 26. Bc2 Rd4 27. f5 Bxf5 28. h3 Bxc2 29. Qxc2 Qc7 30. Re3 b6 31. Re1 Qe7 32. Qb3 g6 33. Qf3 Kg7 34. Rf1 Rd7 35. Qf4 Qe6 36. h4 Re7 37. Re1 f6 38. h5 fxe5 39. h6+ Kg8 40. Qe4 Qf6 41. Rd1 Qf8 42. Qc4+ Kh8 43. Qh4 b5 44. Qf6+ Kg8 45. Qg5 1/2-1/2

[Event "Florianopolis op 5th"]
[Site "Florianopolis"]
[Date "2019.01.22"]
[Round "2"]
[White "Brasileiro, Antonio Carlos"]
[Black "Ribeiro, Gilnei Guedes"]
[Result "1-0"]
[WhiteElo "1766"]
[BlackElo "1449"]
[PlyCount "51"]
[EventDate "2019.01.21"]
[EventType "swiss"]
[EventRounds "10"]
[EventCountry "BRA"]
[SourceTitle "CBM 188 Extra"]
[Source "ChessBase"]
[SourceDate "2019.02.26"]
[SourceVersion "1"]
[SourceVersionDate "2019.02.26"]
[SourceQuality "1"]

1. d4 Nf6 2. e3 e6 3. Bd3 b6 4. f4 Bb7 5. Nf3 Ne4 6. 0-0 Be7 7. Nbd2 f5 8. c3 0-0 9. Qc2 Nxd2 10. Bxd2 d6 11. e4 fxe4 12. Bxe4 Bxe4 13. Qxe4 Nd7 14. Qxe6+ Kh8 15. Rae1 Bf6 16. Qg4 Rf7 17. Re2 Re7 18. Rfe1 Rxe2 19. Rxe2 Nf8 20. f5 Qd7 21. Qe4 Rb8 22. g4 g6 23. Bg5 Bxg5 24. Nxg5 Qg7 25. Rg2 Qd7 26. fxg6 1-0

[Event "BRA-ch Serie C"]
[Site "Brasilia"]
[Date "2013.04.13"]
[Round "3.6"]
[White "Brasileiro, Antonio Carlos"]
[Black "Arruda Filho, Ivo Pereira de"]
[Result "1/2-1/2"]
[WhiteElo "1773"]
[BlackElo "1795"]
[PlyCount "146"]
[EventDate "2013.04.12"]
[EventType "swiss"]
[EventRounds "5"]
[EventCountry "BRA"]
[SourceTitle "EXT 2022"]
[Source "ChessBase"]
[SourceDate "2021.10.06"]
[SourceVersion "1"]
[SourceVersionDate "2021.10.06"]
[SourceQuality "1"]

1. d4 Nf6 2. c4 e6 3. Nc3 d5 4. Nf3 Be7 5. Bg5 h6 6. Bh4 0-0 7. e3 b6 8. cxd5 Nxd5 9. Nxd5 Bxh4 10. Nxh4 exd5 11. Nf3 c5 12. dxc5 bxc5 13. Be2 Be6 14. 0-0 Nc6 15. Qa4 Qb6 16. b3 Rfc8 17. Rac1 a6 18. Rfd1 Rc7 19. Qf4 Rac8 20. Qd6 Qa5 21. Qxc5 Qxa2 22. Qc2 Qxc2 23. Rxc2 Nb4 24. Rxc7 Rxc7 25. h3 a5 26. Nd4 Rc5 27. Bg4 Bxg4 28. hxg4 g6 29. Kh2 Kg7 30. Kg3 Kf6 31. Rh1 Kg7 32. Rd1 Na2 33. Kf3 Nb4 34. Kg3 Nc6 35. Rd2 Nb8 36. Rc2 Rxc2 37. Nxc2 Nc6 38. Kf3 Kf6 39. Ke2 Ke5 40. f3 d4 41. e4 f5 42. gxf5 gxf5 43. exf5 Kxf5 44. g3 Ke6 45. Kd3 Ne5+ 46. Ke4 d3 47. Ne3 d2 48. Nd1 Kd6 49. f4 Nc6 50. Kd3 Kc5 51. Kxd2 Kb4 52. f5 Kxb3 53. Nc3 Kc4 54. Ne2 Kd5 55. Ke3 Ke5 56. g4 Kf6 57. Nd4 Ne5 58. Kf4 a4 59. Nc2 Nd3+ 60. Ke3 Nc5 61. Kd4 Nd7 62. Kc4 Kg5 63. Ne3 Kf4 64. Nd5+ Kxg4 65. f6 h5 66. Ne3+ Kf3 67. Nf5 Nxf6 68. Kb4 Kf4 69. Nh4 Kg4 70. Ng2 Kg3 71. Ne3 Kf3 72. Nf5 Kg4 73. Ne3+ Kf3 1/2-1/2

[Event "BRA-ch Serie C"]
[Site "Brasilia"]
[Date "2013.04.13"]
[Round "2.6"]
[White "Brasileiro, Antonio Carlos"]
[Black "Sampaio Filho, Joao Rodrigues"]
[Result "1/2-1/2"]
[WhiteElo "1773"]
[BlackElo "1789"]
[PlyCount "122"]
[EventDate "2013.04.12"]
[EventType "swiss"]
[EventRounds "5"]
[EventCountry "BRA"]
[SourceTitle "EXT 2022"]
[Source "ChessBase"]
[SourceDate "2021.10.06"]
[SourceVersion "1"]
[SourceVersionDate "2021.10.06"]
[SourceQuality "1"]

1. d4 f5 2. c4 Nf6 3. Nc3 e6 4. Bg5 h6 5. Bh4 g5 6. Bg3 f4 7. Qd3 Qe7 8. Nf3 fxg3 9. hxg3 Qg7 10. c5 Nc6 11. Nb5 Kd8 12. e3 a6 13. Nc3 b6 14. cxb6 cxb6 15. a3 Bd6 16. e4 Bc7 17. e5 Nd5 18. Rc1 Nce7 19. Ne4 Rf8 20. Qc2 Ra7 21. Nd6 Nc6 22. Ne4 g4 23. Nfd2 Nxd4 24. Qa4 Nc6 25. Be2 b5 26. Qc2 Bxe5 27. 0-0 Ke7 28. Qc5+ Ke8 29. Nd6+ Bxd6 30. Qxd6 Qe7 31. Qxe7+ Kxe7 32. Bxg4 Rh8 33. Rfe1 Nf6 34. Bxe6 dxe6 35. Rxc6 Bd7 36. Rc3 Rc8 37. Rxc8 Bxc8 38. Nb3 Rc7 39. Nd4 h5 40. Re2 Kf7 41. Rc2 Rxc2 42. Nxc2 e5 43. Nb4 Bb7 44. Nc2 Ke6 45. Ne3 Nd5 46. Nf1 Kd6 47. Nd2 Nf6 48. Nf1 Kc5 49. Nd2 e4 50. Kf1 Bd5 51. Ke2 Kd4 52. Nb1 Bc4+ 53. Kd2 Ng4 54. Ke1 Kd3 55. Nc3 e3 56. f3 Nf6 57. Nd1 e2 58. Nc3 Kc2 59. Nxe2 Bxe2 60. Kxe2 Kxb2 61. Ke3 Kxa3 1/2-1/2

[Event "Brasilia Oeste op"]
[Site "Brasilia"]
[Date "2012.10.14"]
[Round "6"]
[White "Brasileiro, Antonio Carlos"]
[Black "Rabello, Felipe Botelho"]
[Result "0-1"]
[WhiteElo "1782"]
[BlackElo "2064"]
[PlyCount "32"]
[EventDate "2012.10.11"]
[EventType "swiss"]
[EventRounds "7"]
[EventCountry "BRA"]
[SourceTitle "EXT 2013"]
[Source "ChessBase"]
[SourceDate "2012.11.22"]
[SourceVersion "1"]
[SourceVersionDate "2012.11.22"]
[SourceQuality "1"]

1. d4 Nf6 2. c4 e6 3. Nc3 c5 4. d5 exd5 5. cxd5 d6 6. e4 g6 7. Bd3 Bg7 8. Nge2 0-0 9. 0-0 a6 10. Bg5 b5 11. a3 Nbd7 12. f4 Re8 13. Ng3 h6 14. Bxf6 Nxf6 15. Qd2 Ng4 16. Be2 Nxh2 0-1

[Event "Brasilia Oeste op"]
[Site "Brasilia"]
[Date "2012.10.13"]
[Round "5"]
[White "Brasileiro, Antonio Carlos"]
[Black "Maciel, Diogo Alves"]
[Result "1-0"]
[WhiteElo "1782"]
[BlackElo "1573"]
[PlyCount "65"]
[EventDate "2012.10.11"]
[EventType "swiss"]
[EventRounds "7"]
[EventCountry "BRA"]
[SourceTitle "EXT 2013"]
[Source "ChessBase"]
[SourceDate "2012.11.22"]
[SourceVersion "1"]
[SourceVersionDate "2012.11.22"]
[SourceQuality "1"]

1. d4 Nf6 2. c4 g6 3. Nc3 Bg7 4. e4 d6 5. Nf3 0-0 6. Bg5 Nbd7 7. Be2 h6 8. Be3 c5 9. d5 b5 10. cxb5 a6 11. bxa6 Bxa6 12. Bxa6 Rxa6 13. 0-0 Qb8 14. Qc1 Ne8 15. Bxh6 Bxh6 16. Qxh6 Qxb2 17. Qd2 Qxd2 18. Nxd2 Ne5 19. Rfb1 Ng7 20. Rb7 e6 21. Nb5 f5 22. Nc7 Ra4 23. dxe6 fxe4 24. e7 Rc8 25. Rab1 Rxa2 26. Nxe4 Nc4 27. Ng5 Re2 28. Rb8 Re1+ 29. Rxe1 Rxb8 30. e8Q+ Nxe8 31. Rxe8+ Rxe8 32. Nxe8 d5 33. Nf6+ 1-0

[Event "Brasilia Oeste op"]
[Site "Brasilia"]
[Date "2012.10.11"]
[Round "1"]
[White "Brasileiro, Antonio Carlos"]
[Black "Lucena, Lincoln"]
[Result "0-1"]
[WhiteElo "1782"]
[BlackElo "2133"]
[PlyCount "82"]
[EventDate "2012.10.11"]
[EventType "swiss"]
[EventRounds "7"]
[EventCountry "BRA"]
[SourceTitle "EXT 2013"]
[Source "ChessBase"]
[SourceDate "2012.11.22"]
[SourceVersion "1"]
[SourceVersionDate "2012.11.22"]
[SourceQuality "1"]

1. d4 Nf6 2. c4 c5 3. d5 b5 4. e3 g6 5. Nc3 a6 6. cxb5 Bg7 7. Bc4 d6 8. Nge2 0-0 9. 0-0 axb5 10. Bxb5 Na6 11. a3 Nc7 12. Bc4 Ba6 13. Qd3 Nd7 14. Bxa6 Ne5 15. Qc2 Rxa6 16. f4 Nd7 17. e4 Qb8 18. Rb1 Rb6 19. b3 Qa7 20. a4 Rxb3 21. Rxb3 c4+ 22. Kh1 cxb3 23. Qxb3 Rb8 24. Qc2 Qc5 25. Qd3 Rb3 26. Be3 Rxc3 27. Nxc3 Qxc3 28. Qxc3 Bxc3 29. Rb1 Na6 30. Rb7 Nac5 31. Bxc5 Nxc5 32. Rxe7 Nxa4 33. Re8+ Kg7 34. g3 Nc5 35. Kg2 Kf6 36. Kf3 Bd4 37. g4 g5 38. fxg5+ Kxg5 39. h4+ Kxh4 40. Re7 Nd3 41. Rxf7 Ne5+ 0-1

[Event "BRA-ch sf"]
[Site "Brasilia"]
[Date "2012.06.17"]
[Round "4"]
[White "Brasileiro, Antonio Carlos"]
[Black "Maciel, Diogo Alves"]
[Result "1-0"]
[WhiteElo "1788"]
[BlackElo "1742"]
[PlyCount "107"]
[EventDate "2012.06.16"]
[EventType "swiss"]
[EventRounds "6"]
[EventCountry "BRA"]
[SourceTitle "EXT 2014"]
[Source "ChessBase"]
[SourceDate "2013.11.20"]
[SourceVersion "1"]
[SourceVersionDate "2013.11.20"]
[SourceQuality "1"]

1. d4 Nf6 2. c4 g6 3. Nc3 Bg7 4. Nf3 0-0 5. Bg5 d6 6. e4 c6 7. Be2 Nbd7 8. 0-0 h6 9. Bf4 Nh5 10. Be3 Re8 11. Qd2 Kh7 12. Rfd1 Rh8 13. e5 Nf8 14. h3 f5 15. exf6 Nxf6 16. Bd3 Be6 17. Rac1 Kg8 18. Qc2 Bf7 19. c5 d5 20. Ne5 Qe8 21. Ne2 N6d7 22. Nxf7 Qxf7 23. Nf4 g5 24. Ng6 Nxg6 25. Bxg6 Qf6 26. Rf1 h5 27. f4 g4 28. Qf5 Nf8 29. Qxf6 Bxf6 30. Bf5 e6 31. Bc2 Kg7 32. Kh2 Nd7 33. g3 gxh3 34. Kxh3 Rag8 35. Rh1 Kf7 36. Rcg1 b6 37. b4 b5 38. a4 a6 39. axb5 axb5 40. Ra1 Ra8 41. Kg2 h4 42. g4 h3+ 43. Kh2 e5 44. Bf5 exd4 45. Rxa8 Rxa8 46. Bxd4 Bxd4 47. Bxd7 Ra6 48. Kxh3 Ra3+ 49. Kh4 Bf2+ 50. Kg5 Ra6 51. Rh7+ Kg8 52. Rh6 Ra7 53. Bxc6 Rg7+ 54. Rg6 1-0

[Event "BRA-ch sf"]
[Site "Brasilia"]
[Date "2012.06.16"]
[Round "2"]
[White "Japiassu, Ricardo de Villa No"]
[Black "Brasileiro, Antonio Carlos"]
[Result "1-0"]
[WhiteElo "1900"]
[BlackElo "1788"]
[PlyCount "73"]
[EventDate "2012.06.16"]
[EventType "swiss"]
[EventRounds "6"]
[EventCountry "BRA"]
[SourceTitle "EXT 2014"]
[Source "ChessBase"]
[SourceDate "2013.11.20"]
[SourceVersion "1"]
[SourceVersionDate "2013.11.20"]
[SourceQuality "1"]

1. d4 d5 2. Bf4 Nf6 3. e3 Bf5 4. c4 e6 5. Nc3 c6 6. Qb3 b6 7. Nf3 Be7 8. Be2 0-0 9. 0-0 dxc4 10. Qxc4 c5 11. Rfd1 Nbd7 12. Ne5 Rc8 13. Qa4 cxd4 14. Rxd4 Bc5 15. Rd2 Qe8 16. Bb5 Rd8 17. Nxd7 Nxd7 18. Rxd7 Rxd7 19. Bxd7 Qe7 20. Bb5 Rd8 21. Rd1 Rxd1+ 22. Qxd1 e5 23. Bg3 Bd6 24. Qd5 g5 25. e4 Be6 26. Qa8+ Kg7 27. Nd5 Bxd5 28. Qxd5 h5 29. f3 h4 30. Bf2 Bc5 31. Bxc5 Qxc5+ 32. Qxc5 bxc5 33. Kf1 f6 34. Ke2 Kf7 35. Kd3 Ke6 36. Kc4 Kd6 37. a4 1-0

[Event "BRA-ch Center East"]
[Site "Brazil"]
[Date "2011.06.26"]
[Round "7"]
[White "Juliani, Sidney"]
[Black "Brasileiro, Antonio Carlos"]
[Result "1-0"]
[WhiteElo "1791"]
[BlackElo "1742"]
[PlyCount "33"]
[EventDate "2011.06.22"]
[EventType "swiss"]
[EventRounds "7"]
[EventCountry "BRA"]
[SourceTitle "EXT 2013"]
[Source "ChessBase"]
[SourceDate "2012.11.22"]
[SourceVersion "1"]
[SourceVersionDate "2012.11.22"]
[SourceQuality "1"]

1. e4 e5 2. Nf3 Nf6 3. Nc3 Bb4 4. Bc4 0-0 5. d3 Bxc3+ 6. bxc3 d5 7. exd5 Nxd5 8. 0-0 Nxc3 9. Qe1 Na4 10. Qxe5 Nc6 11. Qh5 Qf6 12. Ba3 Ne7 13. Rae1 Be6 14. Bxe7 Qxe7 15. Ng5 h6 16. Nxe6 fxe6 17. Rxe6 1-0

[Event "BRA-ch Center East"]
[Site "Brazil"]
[Date "2011.06.23"]
[Round "3"]
[White "Oliveira, Jose Irio Rodrigues"]
[Black "Brasileiro, Antonio Carlos"]
[Result "1/2-1/2"]
[WhiteElo "1962"]
[BlackElo "1742"]
[PlyCount "49"]
[EventDate "2011.06.22"]
[EventType "swiss"]
[EventRounds "7"]
[EventCountry "BRA"]
[SourceTitle "EXT 2013"]
[Source "ChessBase"]
[SourceDate "2012.11.22"]
[SourceVersion "1"]
[SourceVersionDate "2012.11.22"]
[SourceQuality "1"]

1. c4 e5 2. Nc3 Nf6 3. Nf3 Nc6 4. g3 d5 5. cxd5 Nxd5 6. Bg2 Nxc3 7. bxc3 e4 8. Ng1 f5 9. e3 Ne5 10. Ne2 Nd3+ 11. Kf1 Bc5 12. Nf4 Nxf4 13. gxf4 Qd3+ 14. Qe2 Qxe2+ 15. Kxe2 b6 16. f3 Ba6+ 17. Kf2 exf3 18. Bxf3 0-0-0 19. d4 Be7 20. h4 Bb7 21. a4 a5 22. Ba3 Rhe8 23. Bxe7 Rxe7 24. c4 Bxf3 25. Kxf3 1/2-1/2

[Event "Brazil Xadrez Brasil op"]
[Site "Brazil"]
[Date "2010.11.15"]
[Round "7"]
[White "Brasileiro, Antonio Carlos"]
[Black "Matsuura, Queenti"]
[Result "1-0"]
[WhiteElo "1731"]
[BlackElo "1591"]
[PlyCount "109"]
[EventDate "2010.11.12"]
[EventType "swiss"]
[EventRounds "7"]
[EventCountry "BRA"]
[SourceTitle "EXT 2013"]
[Source "ChessBase"]
[SourceDate "2012.11.22"]
[SourceVersion "1"]
[SourceVersionDate "2012.11.22"]
[SourceQuality "1"]

1. d4 Nf6 2. c4 e5 3. dxe5 Ng4 4. Nf3 Nc6 5. a3 Bc5 6. e3 Ngxe5 7. Nxe5 Nxe5 8. b4 Be7 9. Bb2 Bf6 10. Nc3 d6 11. Qc2 c6 12. Rd1 Qc7 13. Ne4 Be7 14. Bxe5 dxe5 15. Bd3 f5 16. Ng3 e4 17. Be2 0-0 18. c5 Qe5 19. Bc4+ Be6 20. Bxe6+ Qxe6 21. 0-0 Rad8 22. Nh5 g5 23. Qc3 Qf7 24. Ng3 h5 25. Qe5 Rfe8 26. Qxf5 Qxf5 27. Nxf5 Bf8 28. h4 a5 29. hxg5 axb4 30. axb4 Rd5 31. Rxd5 cxd5 32. Rd1 Re5 33. Nd4 Kf7 34. c6 bxc6 35. Nxc6 Rxg5 36. b5 Bc5 37. Kf1 Ke6 38. Ra1 Rg8 39. Ra6 Kd7 40. Ne5+ Ke7 41. Ng6+ Kf7 42. Nf4 Rb8 43. b6 Bxb6 44. Nxd5 Bc5 45. Ra2 h4 46. Nc3 Rb4 47. Ra4 Rb3 48. Nxe4 Bb4 49. Ke2 Kg6 50. Kf3 Kf5 51. Ra7 Ke5 52. Rh7 Rb2 53. Rxh4 Be1 54. Rh5+ Ke6 55. Nc5+ 1-0

[Event "Brazil Xadrez Brasil op"]
[Site "Brazil"]
[Date "2010.11.14"]
[Round "4"]
[White "Oliveira, Jose Irio Rodrigues"]
[Black "Brasileiro, Antonio Carlos"]
[Result "1-0"]
[WhiteElo "1601"]
[BlackElo "1731"]
[PlyCount "70"]
[EventDate "2010.11.12"]
[EventType "swiss"]
[EventRounds "7"]
[EventCountry "BRA"]
[SourceTitle "EXT 2013"]
[Source "ChessBase"]
[SourceDate "2012.11.22"]
[SourceVersion "1"]
[SourceVersionDate "2012.11.22"]
[SourceQuality "1"]

1. c4 e5 2. Nc3 Nf6 3. Nf3 Nc6 4. g3 d5 5. cxd5 Nxd5 6. Bg2 Be7 7. d3 0-0 8. 0-0 Bf6 9. Bd2 Nce7 10. Ne4 Ng6 11. Bc3 Nxc3 12. bxc3 Be7 13. Ned2 Re8 14. Rb1 c6 15. Nc4 Qc7 16. h4 h5 17. Qb3 Bf6 18. Nfd2 b5 19. Ne3 Be6 20. c4 a5 21. Ne4 Be7 22. Qc2 b4 23. Qa4 Reb8 24. Nd2 Ra7 25. Qxc6 Qxc6 26. Bxc6 f5 27. Bd5 Kf7 28. Nxf5 Bxd5 29. cxd5 Bc5 30. Rfc1 Bb6 31. Rc6 Ne7 32. Nxe7 Rxe7 33. Rbc1 g6 34. Nc4 Bd8 35. Ra6 Rb5 1-0

[Event "Brazil Xadrez Brasil op"]
[Site "Brazil"]
[Date "2010.11.13"]
[Round "3"]
[White "Brasileiro, Antonio Carlos"]
[Black "Alarcon, Ricardo dos Santos"]
[Result "1/2-1/2"]
[WhiteElo "1731"]
[BlackElo "1587"]
[PlyCount "173"]
[EventDate "2010.11.12"]
[EventType "swiss"]
[EventRounds "7"]
[EventCountry "BRA"]
[SourceTitle "EXT 2013"]
[Source "ChessBase"]
[SourceDate "2012.11.22"]
[SourceVersion "1"]
[SourceVersionDate "2012.11.22"]
[SourceQuality "1"]

1. d4 Nf6 2. c4 e6 3. Nc3 Bb4 4. Qc2 d5 5. a3 Bxc3+ 6. Qxc3 0-0 7. e3 Ne4 8. Qc2 f5 9. Nf3 Bd7 10. Qb3 Nc6 11. cxd5 exd5 12. Qxd5+ Kh8 13. Bd3 Qe7 14. Qb3 Ng5 15. Nxg5 Qxg5 16. 0-0 Ne7 17. f3 b6 18. e4 f4 19. Bd2 Ng6 20. Qd5 Qxd5 21. exd5 Ne7 22. Be4 Rad8 23. Bb4 Rfe8 24. Rfc1 Rc8 25. d6 cxd6 26. Bxd6 Nf5 27. Bxf5 Bxf5 28. Be5 Kg8 29. Bxf4 Rxc1+ 30. Rxc1 Rc8 31. Rxc8+ Bxc8 32. b4 b5 33. Kf2 Kf7 34. d5 Bb7 35. d6 Ke6 36. h4 g6 37. Ke3 Bd5 38. Kd4 Bc4 39. Bh2 Bf1 40. Kc5 Kd7 41. g4 Be2 42. g5 Bd3 43. Bg1 Bc4 44. Bd4 Be2 45. f4 Bd3 46. Kd5 Bc4+ 47. Ke5 a6 48. Bc5 Bd3 49. Kf6 Bf5 50. Kg7 Ke6 51. Kxh7 Kf7 52. Kh6 Bg4 53. d7 Bxd7 54. h5 Bf5 55. hxg6+ Bxg6 56. Bd4 Bf5 57. Kh5 Bg6+ 58. Kh4 Ke6 59. Kg4 Bf5+ 60. Kf3 Kd5 61. Bb2 Kc4 62. Ke3 Kd5 63. Bc1 Bg6 64. Kf3 Bf5 65. Kg3 Ke6 66. Kh4 Kf7 67. Bb2 Ke6 68. Kh5 Kf7 69. Kh6 Bg6 70. Bc3 Be4 71. g6+ Bxg6 72. Kg5 Bd3 73. f5 Bc2 74. Kf4 Ke7 75. Ke5 Bb3 76. Bd4 Bc4 77. Bc5+ Kd7 78. Kf6 Bb3 79. Kg7 Bc4 80. Kf8 Bb3 81. Be7 Bd1 82. Bc5 Bg4 83. f6 Ke6 84. Ke8 Kxf6 85. Kd8 Ke5 86. Kc7 Kd5 87. Kb7 1/2-1/2

[Event "Brazil Xadrez Brasil op"]
[Site "Brazil"]
[Date "2010.11.12"]
[Round "1"]
[White "Brasileiro, Antonio Carlos"]
[Black "Shumyatsky, Victor"]
[Result "0-1"]
[WhiteElo "1731"]
[BlackElo "2352"]
[PlyCount "77"]
[EventDate "2010.11.12"]
[EventType "swiss"]
[EventRounds "7"]
[EventCountry "BRA"]
[SourceTitle "EXT 2013"]
[Source "ChessBase"]
[SourceDate "2012.11.22"]
[SourceVersion "1"]
[SourceVersionDate "2012.11.22"]
[SourceQuality "1"]

1. d4 Nf6 2. c4 e6 3. Nc3 Bb4 4. a3 Bxc3+ 5. bxc3 c5 6. Nf3 b6 7. e3 Nc6 8. Be2 Ba6 9. Bb2 0-0 10. 0-0 Na5 11. Qa4 Rc8 12. Rac1 d5 13. Ne5 Qe8 14. Qxe8 Rfxe8 15. Rfe1 Ne4 16. cxd5 Bxe2 17. Rxe2 exd5 18. a4 cxd4 19. cxd4 Rxc1+ 20. Bxc1 Rc8 21. Bb2 Nd6 22. f3 Nac4 23. Nd3 Nf5 24. Kf2 g5 25. Nb4 Ne7 26. Nd3 f6 27. e4 Kf7 28. e5 fxe5 29. Nxe5+ Nxe5 30. dxe5 Ke6 31. g3 Rc4 32. a5 bxa5 33. Rd2 Nc6 34. h3 a4 35. Ba3 Kxe5 36. Bb2+ d4 37. Ke2 Rb4 38. Ba3 Rb3 39. Bc5 0-1

[Event "Brasilia-ch sf2 50th"]
[Site "Brasilia"]
[Date "2010.06.19"]
[Round "1"]
[White "Barbalho, Gilsomar Silva"]
[Black "Brasileiro, Antonio Carlos"]
[Result "1/2-1/2"]
[WhiteElo "2027"]
[BlackElo "1737"]
[PlyCount "114"]
[EventDate "2010.06.19"]
[EventType "swiss"]
[EventRounds "7"]
[EventCountry "BRA"]
[SourceTitle "EXT 2012"]
[Source "ChessBase"]
[SourceDate "2011.11.24"]
[SourceVersion "1"]
[SourceVersionDate "2011.11.24"]
[SourceQuality "1"]

1. e4 e5 2. Nf3 Nf6 3. Nxe5 d6 4. Nxf7 Kxf7 5. d4 Be7 6. Bc4+ Be6 7. d5 Bg4 8. f3 Bh5 9. Nc3 Rf8 10. e5 Ne8 11. 0-0 Kg8 12. g4 Bg6 13. f4 h6 14. f5 Bh7 15. f6 gxf6 16. Bxh6 Ng7 17. Bd3 f5 18. gxf5 dxe5 19. Bxg7 Kxg7 20. Qh5 Bf6 21. Kh1 Rf7 22. Rf3 Nd7 23. d6 Nb6 24. Rg1+ Kf8 25. Qh6+ Ke8 26. dxc7 Qxc7 27. Rd1 Ke7 28. Be4 Rh8 29. Qd2 Rd8 30. Rd3 Rxd3 31. Qxd3 a6 32. a4 Ke8 33. a5 Nc4 34. Nd5 Qc8 35. Qc3 Bxf5 36. Bd3 Bxd3 37. cxd3 Nd6 38. Nxf6+ Rxf6 39. Qxe5+ Qe6 40. Qh5+ Nf7 41. Kg1 Qe3+ 42. Kh1 Rf2 43. Qg4 Qf3+ 44. Qxf3 Rxf3 45. Kg2 Rf5 46. b4 Rf4 47. d4 Kd7 48. Kg3 Rf5 49. Kg4 Rb5 50. Rb1 Kd6 51. h4 Kd5 52. Rf1 Ke6 53. Re1+ Kf6 54. Rf1+ Kg7 55. Rb1 Nh6+ 56. Kf4 Nf5 57. Ke4 Nxh4 1/2-1/2